000 00526nam a2200181 a 4500
005 20140412111420.0
008 070906s19uu xx 00 eng d
020 _a1-74089-327-1
050 _aREF 550.3
_bEn1 2001
100 _aCreagh, Carson
245 _aEncyclopedia of Discovery: Earth /
_cCarson Creagh.
260 _aAustralia :
_bWeldon Owen Inc,
_c2001.
300 _a224p. : col., ill.; 22.5cm
500 _aIncludes index.
650 _aEarth
_xEncyclopedias
650 _aEarth
_xMiscellanea
999 _c105977
_d105977